Príjmová nerovnosť a spotreba v SR

Základné spojitosti medzi životnou úrovňou a kvalitou života. Príjmové nerovnosti a spotreba SR v období rokov 2005 až 2014. Porovnávanie stavu v SR s krajinami V4 (Poľsko, Maďarsko, Česká republika) a EÚ 27.

Saved in:
Bibliographic Details
Main Author: Antalová, Mária, 1952-
Format: Book Chapter
Language:Slovak
Subjects:
Tags: Add Tag
No Tags, Be the first to tag this record!

MARC

LEADER 00000nla a2200000 4500
001 0225321
005 20240502103115.1
041 0 |a slo 
044 |a CZ 
245 1 0 |a Príjmová nerovnosť a spotreba v SR  |c Mária Antalová 
520 |a Základné spojitosti medzi životnou úrovňou a kvalitou života. Príjmové nerovnosti a spotreba SR v období rokov 2005 až 2014. Porovnávanie stavu v SR s krajinami V4 (Poľsko, Maďarsko, Česká republika) a EÚ 27. 
610 2 0 |a nerovnosť sociálna 
610 2 0 |a spotreba 
610 2 0 |a úroveň životná 
610 2 0 |a príjmy rodinné 
610 2 0 |a náklady životné 
610 2 0 |a kvalita života 
610 2 0 |a Slovensko 
610 2 0 |a porovnanie medzinárodné 
100 1 |a Antalová, Mária, 1952-